000 00725nam a2200265 a 4500
001 000000369
003 DO-SdBPM
005 20250402111911.0
007 000000369
008 081112s2011 ck 000 f spa d
020 _a9789561313330
040 _aDO-SdBPM
_bspa
_cBPMSU
082 4 _aCh863.6
_bR788f 2011
_222
100 1 _a Rosasco, José Luis,
_d1935-
245 1 0 _aFrancisca, yo te amo /
_cJosé Luis Rosasco.
250 _a
260 _aChile :
_bEditorial Andrés Bello,
_c2011
300 _a118 p. ;
_c23 cm.
590 _aInventariado, 2023/VM
650 4 _aNovela chilena
650 4 _aLiteratura chilena
650 4 _aNovela amorosa
910 _a Vmateo V. Control de calidad. BPMSU
942 _2ddc
_cBK
999 _c14472
_d14472